000 00366nam a22001571a 4500
020 _a9788170163978
082 _aH2
_bPRA/N
100 _aPratap Sehgal
245 _aNahin koi anth/
_cby Pratap Sehgal
260 _aNew Delhi:
_bKithabghar,
_c1998.
300 _a76p.
650 _aDrama Hindi
650 _aLiterature Hindi
650 _aLiterature
942 _cBK
999 _c30252
_d30252